000 00358pab a2200145 454500
008 180718b1983 xxu||||| |||| 00| 0 eng d
100 _aNakos, G.
245 _aThe land resource survey of Greece
260 _c1983
300 _a153-69
362 _aSept.
650 _aLand Use - Greece
773 _aJournal of Environmental Management
909 _a12170
999 _c12170
_d12170